Sentencia dictada por... la Audiencia de La Habana en la causa criminal... de los hermanos Colomé contra D. Florencio Sáez y Madrazo y D. Venancio Peña y Sainz. (Record no. 190258)
[ view plain ]
| 000 -LEADER | |
|---|---|
| campo de control de longitud fija | 00438nam a2200121 i 4500 |
| 001 - NÚMERO DE CONTROL | |
| campo de control | 190258 |
| 003 - IDENTIFICADOR DE NÚMERO DE CONTROL | |
| campo de control | ES-MaACL |
| 005 - FECHA Y HORA DE LA ÚLTIMA TRANSACCIÓN | |
| campo de control | 20230906223700.0 |
| 008 - DATOS DE LONGITUD FIJA--INFORMACIÓN GENERAL | |
| campo de control de longitud fija | 201002s1888 cu |||| | spa d |
| 245 00 - MENCIÓN DEL TÍTULO | |
| Título | Sentencia dictada por... la Audiencia de La Habana en la causa criminal... de los hermanos Colomé contra D. Florencio Sáez y Madrazo y D. Venancio Peña y Sainz. |
| 260 ## - PUBLICACIÓN, DISTRIBUCIÓN, ETC. | |
| Lugar de publicación, distribución, etc. | Habana : |
| Nombre del editor, distribuidor, etc. | [s.n.], |
| Fecha de publicación, distribución, etc. | 1888. |
| 852 ## - LOCALIZACIÓN | |
| Ubicación | ES-MaACL |
| Número de control de estantería | T-691-F-4 |
| Estatus retirado | Estado de pérdida | Estado de daño | No para préstamo | Colección | Biblioteca de origen | Biblioteca actual | Ubicación en estantería | Fecha de adquisición | Fuente de adquisición | Total de préstamos | Signatura topográfica completa | Código de barras | Visto por última vez | Precio de reemplazo | Tipo de ítem Koha |
|---|---|---|---|---|---|---|---|---|---|---|---|---|---|---|---|
| Colección de folletos | Biblioteca del Ateneo de Madrid | Biblioteca del Ateneo de Madrid | Depósito folletos | 06/06/2005 | T-691-F-4 | 1202099 | 23/02/2023 | 23/02/2023 | Folleto |
